Head First Servlets and JSP (Record no. 1663)
[ view plain ]
| 000 -LEADER | |
|---|---|
| Fixed length control field | 00546nam a2200169 4500 |
| 003 - CONTROL NUMBER IDENTIFIER | |
| Control field | SEACOMEC |
| 005 - DATE AND TIME OF LATEST TRANSACTION | |
| Control field | 20240829131058.0 |
| 008 - FIXED-LENGTH DATA ELEMENTS--GENERAL INFORMATION | |
| Fixed length control field | 240829b |||||||| |||| 00| 0 eng d |
| 020 ## - INTERNATIONAL STANDARD BOOK NUMBER / ISBN | |
| International Standard Book Number | 978-8173664038 |
| Price | 600.00 |
| 040 ## - CATALOGING SOURCE | |
| Original cataloging agency | SEACOMEC |
| 082 ## - DEWEY DECIMAL CLASSIFICATION NUMBER | |
| Classification number | 006.76 |
| Book Number | B299 |
| 100 ## - MAIN ENTRY--PERSONAL NAME | |
| Personal name | Basham, Bryan |
| 245 ## - TITLE STATEMENT | |
| Title | Head First Servlets and JSP |
| Sub title | : Passing the Sun Certified Web Component Developer Exam |
| Statement of responsibility | Bryan Basham , Kathy Sierra and Bert Bates |
| 260 ## - IMPRINT | |
| Place of publication | mumbai |
| Name of publisher | Shroff |
| Date of publication | 2006 |
| 650 ## - SUBJECT ADDED ENTRY--TOPICAL TERM | |
| Topical term | Computer program language |
| Form subdivision | Servlets | Java |
| 942 ## - ADDED ENTRY ELEMENTS (KOHA) | |
| Koha item type | Books |
| Withdrawn status | Lost status | Source of classification | Damaged status | Not for loan | Home library | Current library | Date acquired | Total Checkouts | Call number | Accession number | Date last seen | Price effective from | Koha item type | Copy number |
|---|---|---|---|---|---|---|---|---|---|---|---|---|---|---|
| Dewey Decimal Classification | SEACOM ENGINEERING COLLEGE | SEACOM ENGINEERING COLLEGE | 11/06/2007 | 006.76 B299 | 6970 | 29/08/2024 | 29/08/2024 | Books | ||||||
| Dewey Decimal Classification | SEACOM ENGINEERING COLLEGE | SEACOM ENGINEERING COLLEGE | 11/06/2007 | 006.76 B299 | 6971 | 29/08/2024 | 29/08/2024 | Books | 1 | |||||
| Dewey Decimal Classification | SEACOM ENGINEERING COLLEGE | SEACOM ENGINEERING COLLEGE | 11/06/2007 | 006.76 B299 | 6972 | 29/08/2024 | 29/08/2024 | Books | 2 |
